[Event "AUTO-ELITE-2621"]
[Site "http://www.queenalice.com/game.php?id=1873295"]
[Date "2026.5.12"]
[Round "1"]
[White "Donidon"]
[Black "trompmaster"]
[Result "0-1"]
[WhiteElo "2183"]
[BlackElo "2433"]

1. e4 d5 2. exd5 Nf6 3. Nf3 Qxd5 4. d4 Bg4 5. Be2 c6 6. O-O Nbd7 7. Nc3 Qd6 8.
h3 Bf5 9. Nh4 Be6 10. Nf3 h6 11. Bd3 g5 12. Ne2 O-O-O 13. c4 Nc5 14. Be3 Nxd3
15. Qxd3 g4 16. hxg4 Bxg4 17. Bf4 Qe6 18. Rfe1 Nh5 19. Bh2 Rg8 20. d5 Qf5 21.
Qxf5+ Bxf5 22. dxc6 bxc6 23. Nfd4 Be4 24. f3 c5 25. fxe4 cxd4 26. Nf4 Nxf4 27.
Bxf4 d3 28. Rad1 Bg7 29. Rd2 Rd4 30. Bg3 Rxc4 31. Rxd3 Bxb2 32. Red1 f6 33. Rb3
Be5 34. Bxe5 fxe5 35. Rd5 Rc1+ 36. Kh2 Rc2 37. Rg3 Rxg3 38. Kxg3 Rxa2 39. Rxe5
Kd7 40. Rh5 Ra6 41. Kf4 Re6 42. Ra5 Rf6+ 43. Ke3 a6 44. e5 Rg6 45. Ke4 Rb6 46.
g4 Ke6 47. Ra4 Kf7 48. Kf5 e6+ 49. Ke4 Kg6 50. Kf4 h5 51. gxh5+ Kxh5 52. Ra1
Rb4+ 53. Kf3 Kg5 54. Rxa6 Kf5 55. Ra5 Rb3+ 56. Ke2 Ke4 57. Rc5 Ra3 58. Rb5 Ra2+
59. Kd1 Kd3 60. Rb3+ Kc4 61. Rh3 Kd4 62. Rh5 Ke4 63. Ke1 Kf3 64. Rh6 Ra6 65. Kd2
Ke4 66. Rh5 Ra2+ 67. Kc3 Rf2 68. Rh4+ Kxe5 69. Ra4 Kf5 70. Kd3 Rh2 71. Ke3 Rh3+
72. Ke2 Rb3 73. Rc4 Kf6 74. Ra4 e5 75. Rc4 Rb1 76. Kf3 Kf5 77. Rc5 Rb3+ 78. Kf2
Ke4 79. Ra5 Kf4 80. Ra8 Rb2+ 81. Ke1 Rb3 82. Ke2 Rb2+ 83. Kf1 e4 84. Rh8 Ra2 85.
Rh4+ Ke5 86. Rh3 Kd5 87. Rb3 Kd4 0-1

[Event "AUTO-ELITE-2622"]
[Site "http://www.queenalice.com/game.php?id=1873722"]
[Date "2026.5.21"]
[Round "1"]
[White "Donidon"]
[Black "JUNIOR2"]
[Result "1/2-1/2"]
[WhiteElo "2235"]
[BlackElo "2468"]

1. d4 d5 2. Nf3 Nf6 3. Bg5 Ne4 4. Bh4 h5 5. Nc3 f6 6. Bg3 g5 7. h3 Nxg3 8. fxg3
Qd6 9. Kf2 Bf5 10. e3 Nd7 11. Bd3 Bxd3 12. Qxd3 O-O-O 13. g4 c6 14. gxh5 e5 15.
Qf5 Rxh5 16. Ne2 Kb8 17. c4 exd4 18. Nexd4 Nc5 19. cxd5 cxd5 20. Nd2 Qe5 21. g4
Rh8 22. Rab1 Be7 23. b4 Nd7 24. N2f3 Qd6 25. a4 Ne5 26. Nb5 Qd7 27. Qxd7 Rxd7
28. Nbd4 Nd3+ 29. Ke2 Nxb4 30. h4 Re8 31. hxg5 fxg5 32. Ne5 Rc7 33. Rh7 a6 34.
Kf3 Bd6 35. Rxc7 Kxc7 36. Nf7 Be7 1/2-1/2

[Event "AUTO-ELITE-2622"]
[Site "http://www.queenalice.com/game.php?id=1873723"]
[Date "2026.5.21"]
[Round "1"]
[White "JUNIOR2"]
[Black "Donidon"]
[Result "1-0"]
[WhiteElo "2443"]
[BlackElo "2249"]

1. e4 d6 2. d4 e5 3. Nf3 Nf6 4. dxe5 Ng4 5. Bg5 Be7 6. Bxe7 Qxe7 7. exd6 cxd6 8.
h3 Ne5 9. Nc3 O-O 10. Qd2 f5 11. Be2 Nbc6 12. O-O-O fxe4 13. Nxe4 Nf7 14. Nc3
Kh8 15. Rhe1 Qf6 16. Bc4 Bxh3 17. Nd5 Qf5 18. Nc7 Rac8 19. Be6 Qg6 20. Bxc8 Bxc8
21. Qf4 Kg8 22. Nd4 Nfe5 23. Nxc6 Nxc6 24. Qc4+ Kh8 25. Qd5 Nb4 26. Qe4 Qg5+ 27.
Re3 Qa5 28. Rf3 Bf5 29. Nd5 Nxa2+ 30. Kb1 Nb4 31. Rxf5 Qa2+ 32. Kc1 Qa5 33.
Rxf8# 1-0

[Event "AUTO-MASTER-3306"]
[Site "http://www.queenalice.com/game.php?id=1873735"]
[Date "2026.5.21"]
[Round "1"]
[White "Donidon"]
[Black "Pin"]
[Result "1/2-1/2"]
[WhiteElo "2174"]
[BlackElo "2058"]

1. e4 c5 2. Nf3 d6 3. d4 cxd4 4. Nxd4 Nf6 5. Nc3 a6 6. Be2 e5 7. Nf3 Be7 8. O-O
Be6 9. Be3 Nbd7 10. a4 O-O 11. Bd3 Rc8 12. Ng5 Bc4 13. Bxc4 Rxc4 14. Nf3 Nxe4
15. Nxe4 Rxe4 16. Qd5 Rg4 17. Qxb7 Qc8 18. Qb3 Qc7 19. Kh1 Nc5 20. Bxc5 Qxc5 21.
Qb7 Bf6 22. c3 Qc4 23. Nd2 Qe2 24. Qd5 Rg6 25. b4 Bh4 26. Kg1 Qg4 27. g3 Bg5 28.
f3 Qe6 29. Qxe6 Be3+ 30. Kg2 Rxe6 31. Ne4 f5 32. Nf2 Rc8 33. Ra2 Bxf2 34. Rfxf2
Rxc3 35. b5 d5 36. a5 axb5 37. a6 Rc8 38. a7 Ra8 39. Ra5 Rb6 40. Rb2 e4 41.
Rbxb5 Rxb5 42. Rxb5 Rxa7 43. Rxd5 Ra2+ 44. Kh3 g6 45. fxe4 fxe4 46. Re5 Ra4 47.
Kg2 Kf7 48. Kf2 Kf6 49. Re8 g5 50. Ke3 Kf5 51. Rf8+ Kg6 52. g4 Ra3+ 53. Kxe4 Rh3
54. Rg8+ Kf6 55. Rf8+ Kg6 56. Ra8 Rxh2 57. Ra6+ Kg7 58. Kf5 Rf2+ 59. Kxg5 Rf7
60. Kh5 Re7 61. g5 Rd7 62. Rh6 Rd1 63. Kg4 Rg1+ 64. Kf4 Rf1+ 65. Kg3 Rg1+ 66.
Kf4 Rf1+ 67. Ke5 Kg8 68. Ke6 Kg7 69. Ke5 Rf3 70. Ke4 Rg3 71. Kf4 Rg1 1/2-1/2

[Event "AUTO-MASTER-3306"]
[Site "http://www.queenalice.com/game.php?id=1873748"]
[Date "2026.5.21"]
[Round "1"]
[White "cabeca"]
[Black "Donidon"]
[Result "1-0"]
[WhiteElo "2101"]
[BlackElo "2189"]

1. e4 e6 2. d4 d5 3. e5 c5 4. Nf3 Nc6 5. c3 Bd7 6. Be3 cxd4 7. cxd4 Bb4+ 8. Nc3
Nge7 9. Bb5 O-O 10. O-O Bxc3 11. bxc3 a6 12. Bxc6 Bxc6 13. Rc1 Nf5 14. h3 Nh4
15. Nxh4 Qxh4 16. f4 f6 17. exf6 Rxf6 18. Qg4 Qxg4 19. hxg4 Raf8 20. Rf2 Bb5 21.
Kh2 Bc4 22. a3 b5 23. g5 Rg6 24. g4 Bd3 25. Kg3 h6 26. gxh6 gxh6 27. Kh4 Kf7 28.
Rg1 h5 29. f5 Bxf5 30. gxf5 exf5 31. Rxf5+ Rf6 32. Rxf6+ Kxf6 33. Rf1+ Ke7 34.
Rxf8 Kxf8 35. Kg5 h4 36. Kf6 h3 37. Bf4 a5 38. Ke6 b4 39. cxb4 axb4 40. axb4 Ke8
41. Kxd5 Kd7 42. b5 Kc8 43. Kc6 Kd8 44. b6 Kc8 45. b7+ Kd8 46. b8=Q+ 1-0